Modern quantum mechanics (Record no. 7487)
[ view plain ]
| 000 -LEADER | |
|---|---|
| fixed length control field | 00580 a2200229 4500 |
| 001 - CONTROL NUMBER | |
| control field | 133166 |
| 003 - CONTROL NUMBER IDENTIFIER | |
| control field | OSt |
| 005 - DATE AND TIME OF LATEST TRANSACTION | |
| control field | 20220112104554.0 |
| 008 - FIXED-LENGTH DATA ELEMENTS--GENERAL INFORMATION | |
| fixed length control field | |
| 020 ## - INTERNATIONAL STANDARD BOOK NUMBER | |
| International Standard Book Number | 9789332519008 |
| 082 ## - DEWEY DECIMAL CLASSIFICATION NUMBER | |
| Classification number | 530.12 |
| Item number | S29M |
| 100 1# - MAIN ENTRY--PERSONAL NAME | |
| Personal name | Sakurai, J.J. |
| 245 1# - TITLE STATEMENT | |
| Title | Modern quantum mechanics |
| Statement of responsibility, etc | by J.J. Sakurai and Jim J. Napolitano |
| 250 ## - EDITION STATEMENT | |
| Edition statement | 2nd ed. |
| 260 ## - PUBLICATION, DISTRIBUTION, ETC. (IMPRINT) | |
| Place of publication, distribution, etc | Noida |
| Name of publisher, distributor, etc | Pearson Education |
| Date of publication, distribution, etc | 2011 |
| 300 ## - PHYSICAL DESCRIPTION | |
| Extent | 550p. |
| 653 ## - INDEX TERM--UNCONTROLLED | |
| Uncontrolled term | Physics |
| 653 ## - INDEX TERM--UNCONTROLLED | |
| Uncontrolled term | Quantum theory |
| 653 ## - INDEX TERM--UNCONTROLLED | |
| Uncontrolled term | Quantum mechanics |
| 700 ## - ADDED ENTRY--PERSONAL NAME | |
| Personal name | Napolitano, Jim J. |
| 942 ## - ADDED ENTRY ELEMENTS (KOHA) | |
| Source of classification or shelving scheme | Dewey Decimal Classification |
| Koha item type | Books |
| Withdrawn status | Lost status | Damaged status | Not for loan | Home library | Current library | Date acquired | Total Checkouts | Full call number | Barcode | Date last seen | Date checked out | Price effective from | Koha item type | Cost, normal purchase price | Source of classification or shelving scheme | Collection code | Source of acquisition |
|---|---|---|---|---|---|---|---|---|---|---|---|---|---|---|---|---|---|
| Central University Of Rajasthan | Central University Of Rajasthan | 05/09/2012 | 4 | 530.12 S29M | 10756 | 21/11/2024 | 09/05/2022 | 02/09/2020 | Books | ||||||||
| Central University Of Rajasthan | Central University Of Rajasthan | 16/01/2013 | 530.12 S29M | 10960 | 02/09/2020 | 02/09/2020 | Books | 0.00 | |||||||||
| Central University Of Rajasthan | Central University Of Rajasthan | 20/01/2016 | 10 | 530.12 S29M | 25524 | 26/03/2025 | 20/03/2025 | 02/09/2020 | Books | Dewey Decimal Classification | General Text Book | PHY |
